| 000 | 00361nam a22001577a 4500 | ||
|---|---|---|---|
| 020 | _a0-00-675068-0 | ||
| 082 |
_a823 _bKOR/X |
||
| 100 | _aKORMAN, JUSTINE | ||
| 245 |
_aX-MEN _bTHE XAVIER FILES |
||
| 246 |
_aX-MEN _bTHE XAVIER FILES |
||
| 260 |
_aUSA _bRANDOM HOUSE,INC _c1994 |
||
| 300 | _a105 | ||
| 520 | _aSHORT STORY | ||
| 650 | _aSHORT STORY | ||
| 942 | _cBK | ||
| 999 |
_c3168 _d3168 |
||